How I Met Your Mother Quiz - Statistics

General Stats
  • This quiz has been taken 702 times
  • The average score is 15 of 20
Answer Stats
Hint Answer % Correct
Actor who plays Barney Neil Patrick Harris
96%
Girl who left Ted at the altar Stella
96%
Barney's book of rules The Bro Code
92%
Marshall's nickname for Lily Lilypad
91%
Actor who plays Ted Josh Radnor
89%
Robin's pop singer alias Robin Sparkles
89%
Bartender's name Carl
87%
Lily's nickname for Marshall Marshmallow
87%
Name of Marshall and Lily's baby Marvin
87%
The baby's middle name Wait for it
84%
Actor who plays Marshall Jason Segel
82%
The name of Ted and Barney's bar Puzzles
80%
Actress who plays Robin Cobie Smulders
78%
Robin's wannabe BFF Patrice
78%
Actress who plays Lilly Alyson Hannigan
76%
Barney's favorite strip club The Lusty Leopard
56%
Quinn's stripper name Karma
53%
What both Barney and Lily have been arrested for Public Urination
47%
Where Robin is working in the pilot Metro News 1
45%
The name of the theme song Hey Beautiful
22%
No matching quizzes found
Score Distribution
Percent of People with Each Score
Percentile by Number Answered
Your Score History
You have not taken this quiz